<?xml version="1.0" encoding="UTF-8"?>
<collection xmlns="http://www.loc.gov/MARC21/slim">
 <record>
  <leader>00889nam a2200229 a 4500</leader>
  <controlfield tag="001">1/37972</controlfield>
  <controlfield tag="008">090720n2004    enk      b    000 0 engod</controlfield>
  <datafield tag="020" ind1=" " ind2=" ">
   <subfield code="a">9780750658997</subfield>
  </datafield>
  <datafield tag="035" ind1=" " ind2=" ">
   <subfield code="l">40592</subfield>
  </datafield>
  <datafield tag="040" ind1=" " ind2=" ">
   <subfield code="a">GR-PeUP</subfield>
  </datafield>
  <datafield tag="041" ind1="0" ind2=" ">
   <subfield code="a">eng</subfield>
  </datafield>
  <datafield tag="100" ind1="1" ind2=" ">
   <subfield code="a">Turner, Catherine,</subfield>
   <subfield code="d">1965-</subfield>
  </datafield>
  <datafield tag="245" ind1="1" ind2="0">
   <subfield code="a">International funds</subfield>
   <subfield code="h">[electronic resource] :</subfield>
   <subfield code="b">a practical guide to their establishment and operation /</subfield>
   <subfield code="c">Catherine Turner.</subfield>
  </datafield>
  <datafield tag="260" ind1=" " ind2=" ">
   <subfield code="a">Amsterdam :</subfield>
   <subfield code="b">Elsevier,</subfield>
   <subfield code="c">2004.</subfield>
  </datafield>
  <datafield tag="300" ind1=" " ind2=" ">
   <subfield code="a">Ένα html e-book.</subfield>
  </datafield>
  <datafield tag="533" ind1=" " ind2=" ">
   <subfield code="a">Ηλεκτρονικό βιβλίο</subfield>
   <subfield code="e">Τρόπος πρόσβασης μέσω διαδικτύου.</subfield>
  </datafield>
  <datafield tag="650" ind1=" " ind2="4">
   <subfield code="a">Mutual funds.</subfield>
  </datafield>
  <datafield tag="650" ind1=" " ind2="4">
   <subfield code="a">Investment.</subfield>
  </datafield>
  <datafield tag="655" ind1=" " ind2="4">
   <subfield code="a">Electronic books.</subfield>
  </datafield>
  <datafield tag="852" ind1=" " ind2=" ">
   <subfield code="a">INST</subfield>
   <subfield code="b">UNIPILB</subfield>
   <subfield code="c">EBOOKS</subfield>
   <subfield code="e">20100624</subfield>
   <subfield code="p">00b40592</subfield>
   <subfield code="q">00b40592</subfield>
   <subfield code="t">ONLINE</subfield>
   <subfield code="y">0</subfield>
  </datafield>
  <datafield tag="856" ind1="4" ind2="0">
   <subfield code="u">http://www.sciencedirect.com/science/book/9780750658997</subfield>
  </datafield>
  <datafield tag="856" ind1="4" ind2=" ">
   <subfield code="d">/webopac/covers/02/40592_9780750658997.jpg</subfield>
  </datafield>
 </record>
</collection>
